00480nam a22001577a 450000500170000000800410001702000150005804100130007308200140008610000330010024500630013325000110019626000560020730000340026365000250029720231116062241.0231116b |||||||| |||| 00| 0 eng d a0409012823 aEnglish  a344.1 DUT aDu Toit, D et al. lEnglish  aLabour Relations Law :bA Comprehensive Guide, cD Du Toit aThird  aDurban : bButterworth Publishers (Pty) Ltd, c1999 bxxviii, 712 pages ; c25 cm.  aLegal practice bLaw